000 00536 a2200169 4500
003 OSt
005 20231229144140.0
008 231229b |||||||| |||| 00| 0 eng d
020 _a9783031795787
040 _coclc
082 _a621.56
_bKIR/I
100 1 _aKirkpatrick, Allan
_910239
245 _aIntroduction to refrigeration and air conditioning systems :
_btheory and applications /
_c Allan Kirkpatrick,
260 _bSpringer,
_c2022.
300 _a91p
942 _2ddc
_cBK
_h621.56
_iKIR/I
_k621.56
_mKIR/I
999 _c44243
_d44243